| 000 | 01517nam a22003257a 4500 | ||
|---|---|---|---|
| 999 |
_c23494 _d23494 |
||
| 003 | AR-CdUCM | ||
| 008 | 260123b2020 pe ||||| |||| 00| 0 spa d | ||
| 020 | _a978-612-48420-0-9 | ||
| 040 |
_aMUNICIPALIDAD PROVINCIAL DEL CUSCO _cBIBLIOTECA MUNICIPAL DEL CUSCO |
||
| 041 | _hspa | ||
| 082 |
_a985.019 / _bC23 |
||
| 100 |
_aCalero Flores, Jorge A _950733 |
||
| 245 |
_a Qhenchapata 1 : _bAyllu Sucso Auccaylle, Arqueología de Alto Qosqo / |
||
| 260 |
_aCusco : _bMunicipalidad Distrital de San Sebastian, _c2020. |
||
| 300 |
_a207 páginas. : _bilustraciones ; _c17 x 23 cm. |
||
| 500 | _zpáginas: 203 - 207 | ||
| 505 | _acontenido: Capítulo I. Ubicación y Geología -- Capítulo II. Una Arqueología Histórica en Qhenchapata -- Ocupación Inca -- Colonial -- Capítulo III. Paleoetnobotánica de Qhenchapata -- Procedencia de las muestras -- Procedimiento de recuperación de las semillas arqueológicas -- Estudio de la porción ligera de restos -- Capítulo IV. Tenencia de tierras de los Incas Nobles (Siglo XVI y XVII).... | ||
| 650 |
_aHechos dramáticos _952180 |
||
| 650 |
_aSemillas arqueológicas _952181 |
||
| 650 |
_aRestos Paleoetnobotánicos _952182 |
||
| 650 |
_aPlantas cultivadas _922143 |
||
| 650 |
_aPlantas silvestres _952183 |
||
| 650 |
_aSemillas carbonizadas _952184 |
||
| 650 |
_aUnidad de excavación _952185 |
||
| 650 |
_aRecinto _952186 |
||
| 650 |
_aVasija asociada _952187 |
||
| 856 | _fwww.munisansebastian.gob.pe | ||
| 942 |
_2ddc _cLIBROS |
||
| 945 |
_ajmcs _d23/01/2026 |
||